Laddar...
Gruhadesarasikal
| Huvudupphovsman: | |
|---|---|
| Materialtyp: | Printed Book |
| Publicerad: |
Kottayam
D C Books
2011
|
| Ämnen: |
| LEADER | 00530nam a22001697a 4500 | ||
|---|---|---|---|
| 020 | |a 978-81-264-3239-4 | ||
| 082 | |a M080 32 |b RAV/G | ||
| 100 | |a Ravindran | ||
| 245 | |a Gruhadesarasikal | ||
| 260 | |a Kottayam |b D C Books |c 2011 | ||
| 300 | |a 85p. | ||
| 650 | |a Travelogue Malayalam | ||
| 650 | |a Literature Malayalam | ||
| 650 | |a Literature | ||
| 942 | |c BK | ||
| 999 | |c 52899 |d 52899 | ||
| 952 | |0 0 |1 0 |4 0 |6 M_080_320000000000000_RAV_G |7 0 |9 76672 |a SSUS |b SSUS |c STACKS |d 2015-05-14 |g 60.00 |l 1 |o M080 32 RAV/G |p 075617 |r 2016-05-05 |s 2015-10-31 |w 2015-05-14 |y BK | ||